Dragon Ball-Tous les adversaires de Son Goku au cours de sa vie - Statistiques

Statistiques générales
  • Ce quiz a été pris 360 fois
    67 depuis la dernière actualisation
  • Le résultat moyen est 31 sur 119
Statistiques - réponses
Partie de l'oeuvre Adversaire % Correct
Dragon Ball Z Vegeta
93%
Dragon Ball Piccolo
91%
Dragon Ball Z Cell
89%
Dragon Ball Z Raditz
85%
Dragon Ball Z Freezer
83%
Dragon Ball Z Majin Boo
83%
Dragon Ball Z Nappa
80%
Dragon Ball Yamcha
78%
Dragon Ball Krilin
76%
Dragon Ball Super C17
72%
Dragon Ball Ten Shin Han
72%
Dragon Ball Z Ginyu
67%
Dragon Ball Colonel Black
63%
Dragon Ball Super Jiren
61%
Dragon Ball Super Beerus
59%
Dragon Ball Z C19
57%
Dragon Ball Tao Pai Pai
57%
Dragon Ball Général Blue
54%
Dragon Ball Pilaf
54%
Dragon Ball Jackie Chun
52%
Dragon Ball Z Jeece
52%
Dragon Ball Super Whis
52%
Dragon Ball Super Hit
50%
Dragon Ball Super Toppo
48%
Dragon Ball Super Black Goku
46%
Dragon Ball Oolong
46%
Dragon Ball Super Tortue Géniale
46%
Dragon Ball Super Zamasu
46%
Dragon Ball GT Baby
43%
Dragon Ball GT Baby Vegeta
43%
Dragon Ball Super Kale
43%
Dragon Ball Z Butta
41%
Dragon Ball Chichi
41%
Dragon Ball Z Kid Boo
41%
Dragon Ball Z Recoom
41%
Dragon Ball Super Caulifla
39%
Dragon Ball Mai
39%
Dragon Ball Z Maître Kaio
39%
Dragon Ball Piccolo Daimao
39%
Dragon Ball Z Cell Junior
37%
Dragon Ball Super (manga) Gas Heater
37%
Dragon Ball Super (manga) Moro
37%
Dragon Ball Nam
37%
Dragon Ball Super (manga) Granola
35%
Dragon Ball Z Oob
35%
Dragon Ball Tambourine
35%
Dragon Ball Yajirobé
35%
Dragon Ball Super Frost
30%
Dragon Ball Maitre Karin
30%
Dragon Ball Z Yakon
30%
Dragon Ball Z Boohan
28%
Dragon Ball Général White
28%
Dragon Ball Z Guldo
28%
Dragon Ball Z Son Gohan
28%
Dragon Ball GT Super C17
26%
Dragon Ball Drum
24%
Dragon Ball GT Li Shenron
24%
Dragon Ball Z Roi Cold
24%
Dragon Ball Shu
24%
Dragon Ball Z Bootenks
22%
Dragon Ball Mr Popo
22%
Dragon Ball Super Bergamo
20%
Dragon Ball Super Botamo
20%
Dragon Ball Z Paikuhan
20%
Dragon Ball Capitaine Silver
15%
Dragon Ball Capitaine Yellow
13%
Dragon Ball Super Fusion Zamasu
13%
Dragon Ball La Momie
13%
Dragon Ball Super Aralé
11%
Dragon Ball GT San Shenron
11%
Dragon Ball GT Suu Shenron
11%
Dragon Ball Super Basil
9%
Dragon Ball Grand-père Sangohan
9%
Dragon Ball Ninja Murasaki
9%
Dragon Ball Super (manga) Merus
7%
Dragon Ball Giran
4%
Dragon Ball Robot pirate
4%
Dragon Ball Roi Chappa
4%
Dragon Ball GT Ryu Shenron
4%
Dragon Ball Super (manga) Saganbo
4%
Dragon Ball Sergent Metallic
4%
Dragon Ball Super Trunks du futur
4%
Dragon Ball Akkuman
2%
Dragon Ball Super (manga) Cell Max
2%
Dragon Ball Super Lavenda
2%
Dragon Ball Pamputt
2%
Dragon Ball Toninjinka
2%
Dragon Ball Z Acqua
0%
Dragon Ball GT Bis
0%
Dragon Ball GT Bonpara
0%
Dragon Ball Buyon
0%
Dragon Ball Super Chappil
0%
Dragon Ball GT Chi Shenron
0%
Dragon Ball Super Comfrey
0%
Dragon Ball Super Copy Vegeta
0%
Dragon Ball GT Donpara
0%
Dragon Ball Super (manga) Gamma 1
0%
Dragon Ball Super (manga) Gamma 2
0%
Dragon Ball Super Ganos
0%
Dragon Ball Super Hop
0%
Dragon Ball Super Hyssop
0%
Dragon Ball Super (manga) Izawa
0%
Dragon Ball Super Jimizu
0%
Dragon Ball Super (manga) Kikaza
0%
Dragon Ball GT Lood
0%
Dragon Ball GT Méga canon Sygma
0%
Dragon Ball Super (manga) Miza
0%
Dragon Ball GT Muchy
0%
Dragon Ball GT Nas
0%
Dragon Ball GT Negis
0%
Dragon Ball Super Nink
0%
Dragon Ball Octopapa
0%
Dragon Ball Super Oregano
0%
Dragon Ball GT Redjic
0%
Dragon Ball GT Ribet
0%
Dragon Ball GT Ryan Shenron
0%
Dragon Ball GT Ryld
0%
Dragon Ball GT Sonpara
0%
Dragon Ball GT Uu Shenron
0%
Aucun quiz correspondant
Distribution des résultats
% des personnes avec chaque résultat
Percentile par nombre de réponses
Votre historique - résultats
Vous n’avez pas pris ce quiz depuis la dernière actualisation